000 01202cam a22003374a 4500
001 11971273
003 SISC
005 20160204152127.0
008 000411s2000 paua j 001 0 eng
010 _a 00038344
020 _a0791060489
040 _aDLC
_cDLC
_dDLC
042 _apcc
_alcac
050 0 0 _aTA 149
_b.Se497 1996
082 0 0 _aHS 620.22
_bSe7 c. 1
245 1 4 _aThe seven wonders of the modern world /
260 _aIndia :
_bNavneet Publication Ltd,
_cc1996.
300 _a32 p. :
_bcol. ill. ;
_c30 cm.
526 _c
650 0 _aEngineering
_vJuvenile literature.
_914779
650 0 _aSeven Wonders of the World
_vJuvenile literature.
_914780
650 0 _aArchitecture
_vJuvenile literature.
_914781
650 1 _aEngineering.
_914782
650 1 _aSeven Wonders of the World.
_914783
650 1 _aArchitecture.
_914784
700 1 _aMorris, Neil,
_d1946-
_914785
906 _a7
_bcbc
_corignew
_d1
_eocip
_f20
_gy-gencatlg
942 _2lcc
_cBK
999 _c9711
_d9711